00302 a2200109 4500001000700000020000600007040001100013100002800024240006800052245006300120362000900183168321 a  cMagnum aBastos, Cleverson Leite10aAprendendo a aprender: introducao a metodologia cientificalpor10aAprendendo a aprender: introducao a metodologia cientifica0 a1899